000 00314nam a2200109Ia 4500
008 230320s9999||||xx |||||||||||||| ||spa||
082 _a268/C732
100 _aComisión Episcopal De Enseñanza Y Catequesis
245 0 _aEl Profesor De Religión Católica : Identidad Y Misión
260 _bEdice
942 _80
_cLIB
999 _c47820
_d47820